LEADER 00818nam0-22002891i-450- 001 990003042010403321 035 $a000304201 035 $aFED01000304201 035 $a(Aleph)000304201FED01 035 $a000304201 100 $a20000920d1987----km-y0itay50------ba 101 0 $aita 102 $aIT 200 1 $aCumulative Index of Sociology Journals 1971-1985$fCompiled by Judith C. Lantz. 210 $aWashington$dD.C.$cAmerican Sociological Association$d1987. 215 $a763 p.$d25 cm 676 $a10520 676 $aA/2.0 702 1$aLantz,$bJudith C. 801 0$aIT$bUNINA$gRICA$2UNIMARC 901 $aBK 912 $a990003042010403321 952 $aA/2.0 LAN$b10827$fSES 959 $aSES 996 $aCumulative Index of Sociology Journals 1971-1985$9463196 997 $aUNINA DB $aING01 LEADER 01325nam0 22003131i 450 001 UON00068952 005 20231205102342.878 010 $a08-13-51368-5 100 $a20020107d1989 |0itac50 ba 101 $aeng 102 $aGB 105 $a|||| ||||| 200 1 $aAdolescence in a Moroccan Town$eMaking social sense$fSusan Shaefer Davis and Douglas A. Davis 210 $aNew Brunswick$cRutgers University Press$dc1989 215 $axvi, 217 p.$d23 cm 410 1$1001UON00065757$12001 $aAdolescents in a changing world$fEdited by Beatrice B. Whiting and John W.M. Whiting 606 $aADOLESCENTI$xMarocco$xCondizioni sociali$3UONC019056$2FI 620 $aGB$dLondon$3UONL003044 620 $aCA$dNew Brunswick$3UONL003176 676 $a305.23$cGRUPPI SOCIALI - Giovani$v21 700 1$aDAVIS$bSusan Shaefer$3UONV042971$0657471 701 1$aDAVIS$bDouglas A.$3UONV042972$0102712 712 $aRutgers University Press$3UONV246646$4650 801 $aIT$bSOL$c20240220$gRICA 899 $aSIBA - SISTEMA BIBLIOTECARIO DI ATENEO$2UONSI 912 $aUON00068952 950 $aSIBA - SISTEMA BIBLIOTECARIO DI ATENEO$dSI B Afr 4 0640 $eSI AA 13543 5 0640 996 $aAdolescence in a Moroccan Town$91161915 997 $aUNIOR